Foundations of college chemistry. (Record no. 6151)
[ view plain ]
| 000 -LEADER | |
|---|---|
| fixed length control field | 02274cam a2200433 i 4500 |
| 001 - CONTROL NUMBER | |
| control field | 17552235 |
| 003 - CONTROL NUMBER IDENTIFIER | |
| control field | OSt |
| 005 - DATE AND TIME OF LATEST TRANSACTION | |
| control field | 20260305145145.0 |
| 008 - FIXED-LENGTH DATA ELEMENTS--GENERAL INFORMATION | |
| fixed length control field | 121206t20142014njua 001 0 eng |
| 010 ## - LIBRARY OF CONGRESS CONTROL NUMBER | |
| LC control number | 2012037306 |
| 020 ## - INTERNATIONAL STANDARD BOOK NUMBER | |
| International Standard Book Number | 9781119889243 |
| Qualifying information | hardback |
| 020 ## - INTERNATIONAL STANDARD BOOK NUMBER | |
| International Standard Book Number | 9781119889250 |
| Qualifying information | hardback |
| 020 ## - INTERNATIONAL STANDARD BOOK NUMBER | |
| Canceled/invalid ISBN | 9781119889267 |
| 035 ## - SYSTEM CONTROL NUMBER | |
| System control number | 17552235 |
| 040 ## - CATALOGING SOURCE | |
| Original cataloging agency | KABLIB |
| Language of cataloging | eng |
| Transcribing agency | KABLIB |
| Description conventions | rda |
| Modifying agency | KABLIB |
| 042 ## - AUTHENTICATION CODE | |
| Authentication code | pcc |
| 050 00 - LIBRARY OF CONGRESS CALL NUMBER | |
| Classification number | QD33.2 |
| Item number | .H45 2014 |
| 082 00 - DEWEY DECIMAL CLASSIFICATION NUMBER | |
| Classification number | 540.71 |
| Edition number | 23 |
| Item number | HEI |
| 084 ## - OTHER CLASSIFICATION NUMBER | |
| Classification number | SCI013000 |
| Number source | bisacsh |
| 100 1# - MAIN ENTRY--PERSONAL NAME | |
| Personal name | Hein, Morris. |
| 9 (RLIN) | 15039 |
| 245 10 - TITLE STATEMENT | |
| Title | Foundations of college chemistry. |
| 250 ## - EDITION STATEMENT | |
| Edition statement | 16th ed. |
| Remainder of edition statement | Morris Hein, Mount San Antonio College, Susan Arena, University of Illinois, Urbana-Champaign. |
| 264 #1 - PRODUCTION, PUBLICATION, DISTRIBUTION, MANUFACTURE, AND COPYRIGHT NOTICE | |
| Place of production, publication, distribution, manufacture | Hoboken, NJ : |
| Name of producer, publisher, distributor, manufacturer | Wiley, |
| Date of production, publication, distribution, manufacture, or copyright notice | 2023 |
| 264 #4 - PRODUCTION, PUBLICATION, DISTRIBUTION, MANUFACTURE, AND COPYRIGHT NOTICE | |
| Date of production, publication, distribution, manufacture, or copyright notice | c2023 |
| 300 ## - PHYSICAL DESCRIPTION | |
| Extent | 1 volume (various pagings) : |
| Other physical details | ill ( color) ; |
| Dimensions | 29 cm |
| 336 ## - CONTENT TYPE | |
| Content type term | text |
| Source | rdacontent |
| 337 ## - MEDIA TYPE | |
| Media type term | unmediated |
| Source | rdamedia |
| 338 ## - CARRIER TYPE | |
| Carrier type term | volume |
| Source | rdacarrier |
| 500 ## - GENERAL NOTE | |
| General note | Includes index. |
| 520 ## - SUMMARY, ETC. | |
| Summary, etc. | "Learning the fundamentals of chemistry can be a difficult task to undertake for health professionals. For over 35 years, this text has helped them master the chemistry skills they need to succeed. It provides them with clear and logical explanations of chemical concepts and problem solving. They'll learn how to apply concepts with the help of worked out examples. In addition, Chemistry in Action features and conceptual questions checks brings together the understanding of chemistry and relates chemistry to things health professionals experience on a regular basis"-- |
| Assigning source | Provided by publisher. |
| 650 #0 - SUBJECT ADDED ENTRY--TOPICAL TERM | |
| Topical term or geographic name entry element | Chemistry |
| Form subdivision | Textbooks. |
| 9 (RLIN) | 15040 |
| 650 #7 - SUBJECT ADDED ENTRY--TOPICAL TERM | |
| Topical term or geographic name entry element | SCIENCE / Chemistry / General. |
| Source of heading or term | bisacsh |
| 9 (RLIN) | 14093 |
| 700 1# - ADDED ENTRY--PERSONAL NAME | |
| Personal name | Arena, Susan. |
| 9 (RLIN) | 15041 |
| 776 08 - ADDITIONAL PHYSICAL FORM ENTRY | |
| Relationship information | Online version: |
| Main entry heading | Hein, Morris. |
| Title | Foundations of college chemistry. |
| Edition | Fourteenth edition / Morris Hein, Mount San Antonio College, Susan Arena, University of Illinois, Urbana-Champaign. |
| Place, publisher, and date of publication | Hoboken, NJ : John Wiley & Sons, Inc, [2014] |
| International Standard Book Number | 9781118473856 |
| Record control number | (DLC) 2012049050 |
| 906 ## - LOCAL DATA ELEMENT F, LDF (RLIN) | |
| a | 7 |
| b | cbc |
| c | orignew |
| d | 1 |
| e | ecip |
| f | 20 |
| g | y-gencatlg |
| 942 ## - ADDED ENTRY ELEMENTS (KOHA) | |
| Source of classification or shelving scheme | Dewey Decimal Classification |
| Koha item type | Book |
| Withdrawn status | Lost status | Source of classification or shelving scheme | Damaged status | Not for loan | Home library | Current library | Date acquired | Total Checkouts | Full call number | Barcode | Date last seen | Price effective from | Koha item type |
|---|---|---|---|---|---|---|---|---|---|---|---|---|---|
| Dewey Decimal Classification | Education Library | Education Library | 05.03.2026 | 540.71 HEI | 14766 | 05.03.2026 | 05.03.2026 | Book | |||||
| Dewey Decimal Classification | Education Library | Education Library | 05.03.2026 | 540.71 HEI | 14767 | 05.03.2026 | 05.03.2026 | Book | |||||
| Dewey Decimal Classification | Education Library | Education Library | 05.03.2026 | 540.71 HEI | 14768 | 05.03.2026 | 05.03.2026 | Book |